Gender, technology and development (Record no. 26985)
[ view plain ]
| 000 -LEADER | |
|---|---|
| fixed length control field | 01434cas a22003977a 4500 |
| 001 - CONTROL NUMBER | |
| control field | 15015429 |
| 005 - DATE AND TIME OF LATEST TRANSACTION | |
| control field | 20130321115107.0 |
| 006 - FIXED-LENGTH DATA ELEMENTS--ADDITIONAL MATERIAL CHARACTERISTICS--GENERAL INFORMATION | |
| fixed length control field | m |
| 007 - PHYSICAL DESCRIPTION FIXED FIELD--GENERAL INFORMATION | |
| fixed length control field | c |
| 008 - FIXED-LENGTH DATA ELEMENTS--GENERAL INFORMATION | |
| fixed length control field | 050614c19979999ii tr pss 0 a0eng d |
| 010 ## - LIBRARY OF CONGRESS CONTROL NUMBER | |
| LC control number | 2007214801 |
| 022 ## - INTERNATIONAL STANDARD SERIAL NUMBER | |
| International Standard Serial Number | 1940-1175 |
| Incorrect ISSN | 0971-8524 |
| Source | 1 |
| 035 ## - SYSTEM CONTROL NUMBER | |
| System control number | (OCoLC)ocm60626801 |
| 040 ## - CATALOGING SOURCE | |
| Original cataloging agency | OCLCS |
| Transcribing agency | OCLCS |
| Modifying agency | NSD |
| 042 ## - AUTHENTICATION CODE | |
| Authentication code | nsdp |
| 130 ## - MAIN ENTRY--UNIFORM TITLE | |
| Uniform title | Gender, technology and development (Online) |
| 222 ## - KEY TITLE | |
| Key title | Gender, technology and development |
| 245 ## - TITLE STATEMENT | |
| Title | Gender, technology and development |
| 260 ## - PUBLICATION, DISTRIBUTION, ETC. (IMPRINT) | |
| Place of publication, distribution, etc | New Delhi : |
| Name of publisher, distributor, etc | Sage |
| 300 ## - PHYSICAL DESCRIPTION | |
| Extent | v. |
| Dimensions | 24 cm |
| 310 ## - CURRENT PUBLICATION FREQUENCY | |
| Current publication frequency | Three times a year |
| 362 ## - DATES OF PUBLICATION AND/OR SEQUENTIAL DESIGNATION | |
| Dates of publication and/or sequential designation | Print began with v. 1, no. 1 (Jan.-Apr. 1997. |
| 500 ## - GENERAL NOTE | |
| General note | Description based on print version record. |
| 500 ## - GENERAL NOTE | |
| General note | Latest issue consulted: Vol. 11, no. 1 (Mar. 2007); viewed publisher's website Sept. 20, 2007. |
| 530 ## - ADDITIONAL PHYSICAL FORM AVAILABLE NOTE | |
| Additional physical form available note | Also online |
| 538 ## - SYSTEM DETAILS NOTE | |
| System details note | Mode of access: World Wide Web. |
| 550 ## - ISSUING BODY NOTE | |
| Issuing body note | Issued by the Asian Institute of Technology. |
| 650 ## - SUBJECT ADDED ENTRY--TOPICAL TERM | |
| Topical term or geographic name as entry element | Women |
| General subdivision | Employment |
| -- | Effect of technological innovations on |
| Form subdivision | Periodicals. |
| 650 ## - SUBJECT ADDED ENTRY--TOPICAL TERM | |
| Topical term or geographic name as entry element | Technological innovations |
| General subdivision | Social aspects |
| Form subdivision | Periodicals. |
| 710 ## - ADDED ENTRY--CORPORATE NAME | |
| Corporate name or jurisdiction name as entry element | Asian Institute of Technology. |
| 776 ## - ADDITIONAL PHYSICAL FORM ENTRY | |
| Title | Gender, technology and development |
| International Standard Serial Number | 0971-8524 |
| Record control number | (DLC)sn 98044608 |
| -- | (OCoLC)39721161 |
| 856 ## - ELECTRONIC LOCATION AND ACCESS | |
| Uniform Resource Identifier | <a href="gtd.sagepub.com">gtd.sagepub.com</a> |
| 906 ## - LOCAL DATA ELEMENT F, LDF (RLIN) | |
| a | 7 |
| b | ibc |
| c | serials |
| d | u |
| e | ncip |
| f | 20 |
| g | n-oclcserc |
| 942 ## - ADDED ENTRY ELEMENTS (KOHA) | |
| Source of classification or shelving scheme | Dewey Decimal Classification |
| Item type | Periodicals |
| Serial record | 1 |
| Withdrawn status | Lost status | Source of classification or shelving scheme | Damaged status | Not for loan | Collection code | Home library | Current library | Date acquired | Total Checkouts | Date last seen | Price effective from | Koha item type |
|---|---|---|---|---|---|---|---|---|---|---|---|---|
| Dewey Decimal Classification | Not For Loan | Non-fiction | D.B.Act.Division | D.B.Act.Division | 29/05/2009 | 29/05/2009 | 29/05/2009 | Periodicals |
